00627nam a22001817a 450000500170000001000400001702000260005703500140008303500170009703700240011403700140013808200080015210000180016024501550017826000320033327000540036530000260041920180627124629.0 a1718EN-30 ENG-122697 B-689547-551 a9788170289609c275.00 aEN-106229 aB-689547-551 bRajpal & Sons adpl bDBAD/PUB. a841 aSalil, Kuldip aThe best of Meer Taqi Meer:cby Kuldip Salilbslected ghazals, nazms and rubaiyat with their lyrical translation in english and in roman script also / aDelhibRajpal & Sons c2017 a1590, Madarsa Road, Kashmere Gate bDelhie110006 a167p.c21cm(Hb)bill.